| 000 | 01010cam a22002054a 4500 | ||
|---|---|---|---|
| 005 | 20250605164207.0 | ||
| 008 | 250528s ||||||||||||||||||||||||d | ||
| 035 | _a20108 | ||
| 020 | _a9211125510 | ||
| 040 |
_aGR-AtMCL _bgre _dGR-AtMCL _eAACR2 |
||
| 245 | 1 | _aWorld Investment Report / Transnational Corporations and Export Competitiveness | |
| 260 | _c2002 | ||
| 300 | _a354 | ||
| 520 | _aUnited Nations Conference on Trade and Development. Preface, Abbreviations, Overview, Global Trends, Benchmarking FDI Performance and Potential, Regional Trends, The Largest Transnational Corporations, TNCs and Export Competitiveness, International Production Systems, Patterns of Export Competitiveness, Benefiting from Export Competitiveness, Promoting Export-Oriented FDI, Policy Measures, Targeted Promotion, Concluding Observations, References. | ||
| 710 | 2 |
_aUnited Nations _99734 |
|
| 710 | 2 |
_aUnited Nations Conference On Trade And Development _99773 |
|
| 942 | _cBK | ||
| 999 |
_c5247 _d5247 |
||